Canadian Province Flag-Shape Quiz - Statistics

General Stats
  • This quiz has been taken 32 times
  • The average score is 12 of 13
Answer Stats
Picture Answer % Correct
British Columbia
100%
Alberta
96%
Newfoundland and Labrador
96%
Northwest Territories
96%
Nova Scotia
96%
Prince Edward Island
96%
Quebec
96%
Saskatchewan
96%
Yukon
96%
Manitoba
92%
Nunavut
92%
Ontario
92%
New Brunswick
88%
No matching quizzes found
Score Distribution
Percent of People with Each Score
Percentile by Number Answered
Your Score History
You have not taken this quiz